| 000 | 004500000a22001810004500 | ||
|---|---|---|---|
| 003 | MACL | ||
| 005 | 20160112150138.0 | ||
| 008 | 160112b xxu||||| |||| 00| 0 eng d | ||
| 040 |
_aMACL _cMACL |
||
| 041 | _aEnglish | ||
| 082 | _a920/TYL | ||
| 100 |
_aTyler, Mary _931395 |
||
| 245 | _aMy Years in An Indian Prison | ||
| 260 |
_bB I Publications P Ltd _c1978 _aNew Delhi |
||
| 350 | _a30 | ||
| 650 |
_aBiography _931396 |
||
| 942 |
_cBK _k920/TYL _2ddc |
||
| 999 |
_c36493 _d36493 |
||